| 000 | 00427 a2200157 4500 | ||
|---|---|---|---|
| 000 | BKB | ||
| 001 | 070690 | ||
| 005 | 20200902150853.0 | ||
| 008 | |||
| 082 |
_a338.47 _bT83L |
||
| 100 | 1 | _aTungate, Mark | |
| 245 | 1 |
_aLuxury World _cby Mark Tungate |
|
| 260 |
_aNew Delhi _bKogan Page _c2010 |
||
| 300 | _a241p. | ||
| 690 | _aLuxuries; Luxury goods industry; Brand name products | ||
| 999 |
_c4120 _d4120 |
||